000 00897nmc a2200313 a 4500
003 AR-BaBNM
005 20251128210308.0
008 089119s1999 ||||||||||||||000 | spa||
020 _a950-518-805-6
040 _cAR-BaBNM
100 1 _aFenstermacher, Gary D.
245 1 0 _aEnfoques de la enseñanza
260 _aBuenos Aires
_bAmorrortu Editores
_c1999
300 0 _a216 p.
490 0 _aAgenda educativa
500 1 _aEdición autorizada por Teachers College Press, Columbia University
504 _aEnsayo bibliográfico p. 201-216
650 4 _aDIDACTICA
650 4 _aFILOSOFIA DE LA EDUCACION
650 4 _aMETODOS DE ENSENANZA
650 4 _aROL DEL DOCENTE
650 4 _aPRAXIS EDUCATIVA
650 4 _aFINALIDADES DE LA EDUCACION
650 4 _aEDUCACION MULTICULTURAL
700 1 _aSoltis, Jonas F.
800 1 _aLitwin, Edith
942 _cBK
998 _cRaquel
999 _c14838
_d14838